| 000 | 00589nam a22001937a 4500 | ||
|---|---|---|---|
| 999 |
_c6010 _d6010 |
||
| 003 | AR-CdUCM | ||
| 008 | 190313b ||||| |||| 00| 0 spa d | ||
| 040 |
_aMUNICIPALIDAD PROVINCIAL DEL CUSCO _cBIBLIOTECA MUNICIPAL DEL CUSCO |
||
| 082 |
_a869.26 / _bG66 |
||
| 100 |
_aGonzales Tuñon, Raúl _917582 |
||
| 245 | _aCanciones del tercer frente / | ||
| 260 |
_aBuenos Aires : _bProblemas, _c1941. |
||
| 300 |
_a207 páginas ; _c25 cm. |
||
| 500 | _aDonación de la familia Nieto. | ||
| 650 |
_aLiteratura angentina _911061 |
||
| 650 |
_aSiglo XX _98 |
||
| 942 |
_2ddc _cLIBROS |
||
| 945 | _araen | ||